| 000 | 00452 a2200169 4500 | ||
|---|---|---|---|
| 001 | 79616 | ||
| 020 | _a9780471634386 | ||
| 082 | _a515.352 ROS | ||
| 090 |
_c39615 _d39615 |
||
| 100 | _aShepley L.Ross | ||
| 245 |
_aIntroduction to Ordinary Differential Equation (4th Edition) _hstudent solutions |
||
| 250 | _a4 | ||
| 260 |
_aIndia _bJohn Wiley & Sons _c1989 |
||
| 300 | _ax+610p | ||
| 500 | _aDOS BS Reference Books | ||
| 505 | _aGifted Books | ||
| 942 |
_aCAE NUST _k515.352 ROS |
||
| 999 |
_c314689 _d314689 |
||